000 00514nam a2200181Ia 4500
008 220531s9999 xx 000 0 und d
041 _amar
100 _aगोखले अ. संपा.
_963636
245 _aदि. बा. मोकाशी यांची कथा
250 _a1ST
260 _aNew Delhi
_bSahitya Akademi
_c2013
300 _a224
542 _d31-01-2015
551 _aMarathi
_bGrantabal-MRA
650 _aMarathi
_963637
906 _d2014-2015
_f6521
999 _c36132
_d36132